• 首页
  • 本馆介绍
  • 公告通知
  • 最新文献
  • 馆藏检索
  • 电子资源
  • 读者导购
  • 参考咨询
  • 我的图书馆
  • 登录
  • 详细信息显示
  • 放入我的书架
  • 预约/预借图书
  • 作者相关作品
  • 分类相关作品
  • 丛书相关作品
  • 出版社相关作品

书目信息

  • 表格格式
  • 工作单格式
  • 卡片格式
题名:
当代艺术家
    
 
作者: 焦小健 编著 ;陈平 , 卢家华 主编
分册:   焦小健
出版信息: 济南   山东美术出版社  2011.10
页数: 151页
开本: 29cm
丛书名:
单 册:
中图分类: J121 , J223
科图分类:
主题词: 艺术--作品集--中国--现代 , 油画--作品集--中国--现代 , 艺术 , 油画
电子资源:
ISBN: 978-7-5330-3507-5
000 01015nam0 2200313 450
001 010030025394
005 20140612091321.71
010    @a978-7-5330-3507-5@dCNY89.00
100    @a20120104d2011 em y0chiy0110 ea
101 0  @achi
102    @aCN@b370000
105    @aaf z 000yy
106    @ar
200 1  @a当代艺术家@9dang dai yi shu jia@i焦小健@f陈平,卢家华主编@g焦小健编著
210    @a济南@c山东美术出版社@d2011.10
215    @a151页@c照片,图版@d29cm
304    @a英文共同题名:Contemporary artists
330    @a本书收录了家,闲适之所、时尚非上——谈小健的画、视线、物语、粉色之光、浓郁之城、清淡之山、尺度、艺术历程等内容。
606 0  @a艺术@x作品集@y中国@z现代
606 0  @a油画@x作品集@y中国@z现代
606 0  @a艺术
606 0  @a油画
690    @aJ121@v4
690    @aJ223@v4
701  0 @a焦小健@9jiao xiao jian@f(1956~)@4编著
702  0 @a陈平@9chen ping@f(1960.2~)@4主编
702  0 @a卢家华@9lu jia hua@4主编
801  0 @aCN@bNLC@c20120217
905    @b549490-92@dJ121@e109@f3
    
    当代艺术家.焦小健/陈平,卢家华主编/焦小健编著.-济南:山东美术出版社,2011.10
    151页:照片,图版;29cm
    
    
    ISBN 978-7-5330-3507-5:CNY89.00
    本书收录了家,闲适之所、时尚非上——谈小健的画、视线、物语、粉色之光、浓郁之城、清淡之山、尺度、艺术历程等内容。
●
相关链接 在E读中查询图书 在五车中查询图书 在当当中查询图书 在豆瓣中查询图书


正题名:当代艺术家     索取号:J121/109         预约/预借

序号 登录号 条形码 馆藏地/架位号 状态 备注
1 549490   205494909   第一样本阅览室/ [索取号:J121/109] 在馆    
2 549491   205494918   第一借阅区/ [索取号:J121/109] 在馆    
3 549492   205494927   第一借阅区/ [索取号:J121/109] 在馆    
唐山师范学院图书馆 欢迎您!
大连网信软件有限公司© 版权所有